000 01193cas a2200337 a 4500
001 000738580
003 AM-YeHGA
005 20250617143316.0
008 811125d19211939fr x p 0 b0fre
040 _aAM-YeHGA
130 0 _aTheatre (Paris, France : 1921)
245 0 0 _aTheatre.
260 _aParis :
_b[s.n.,
_c1921-1939]
_e(Paris :
_fImpr. de l'Illustration)
300 _av. :
_bill. ;
_c30 cm.
310 _aIrregular
362 0 _aNouv. ser., no 39 (26 mars 1921)-no 465 (26 aout 1939).
440 3 _aLa Petite illustration
500 _aTitle from cover.
515 _aBeginning with no. 134 (Jan. 10, 1925) "nouv. ser." omitted in numbering.
580 _aNo. 375-no. 465 issued as pt. 2 of: Illustration (Paris, France).
650 0 4 _aԱմսագիր
650 0 _aFrench drama
_y20th century
_vPeriodicals.
730 0 _aIllustration (Paris, France)
760 0 _tPetite illustration
772 0 _tIllustration (Paris, France)
_w(DLC) 11010735
_w(OCoLC)1681239
780 0 0 _tPetite illustration theatrale
_w(DLC)sf 85004033
_w(OCoLC)9992815
012 _a33-7-0401312291-p-8503
942 _2udc
_cCR
090 _c274734
999 _c273092
_d273092